Statystyki dla 25 najludniejszych miast na Świecie NIE bedących stolicą

Kliknij tutaj aby rozwiązać quiz!

Ogólne statystyki

  • Ten quiz został rozwiązany 35 razy
  • Średni wynik to 9 z 25

Statystyki odpowiedzi

Populacja (2022)KontynentOdpowiedź% Poprawnych
13 634 274Ameryka południowaRio De Janeiro
93%
28 516 904AzjaSzanghaj
90%
8 930 002Ameryka północnaNowy Jork
83%
15 636 243EuropaStambuł
80%
22 429 800Ameryka południowaSão Paulo
77%
19 059 856AzjaOsaka
73%
13 964 637AzjaKanton
67%
20 961 472AzjaMumbaj
60%
15 133 888AzjaKolkata
50%
8 591 611AzjaWuhan
43%
16 839 950AzjaKaraczi
33%
8 537 646AzjaXi’an
30%
15 387 639AfrykaLagos
27%
9 571 596AzjaNagoja
27%
9 429 381AzjaNankin
20%
14 011 828AzjaTiencin
20%
9 478 521AzjaChengdu
17%
12 831 330AzjaShenzhen
17%
13 541 764AzjaLahaur
13%
9 077 158AzjaHo Chi Minh
10%
16 874 740AzjaChongqing
7%
8 450 228AzjaAhmedabad
3%
13 193 035AzjaBangalore
3%
11 503 293AzjaChennai
0%
10 534 418AzjaHyderabad
0%

Rozkład punktacji

Percentyl według liczby udzielonych odpowiedzi

Procent ludzi z każdym wynikiem

Twoja historia wyników

Nie rozwiązałeś tego quizu